000 01225nam a22003618i 4500
999 _c2072
_d2072
001 020695326
003 UkOxU
005 20250227162037.0
008 160721r20161994enka j 001|0|eng|d
015 _aGBB6C3542
_2bnb
016 7 _a017999988
_2Uk
020 _a9781407167015 (pbk.) :
035 _a(Uk)017999988
040 _aStDuBDS
_beng
_erda
_cStDuBDS
_dKH8
082 0 4 _a941.084 DEA
_223
100 1 _aDeary, Terry,
_eauthor.
245 1 0 _aBlitzed Brits /
_cTerry Deary ; illustrated by Kate Sheppard.
263 _a201611
264 1 _aLondon :
_bScholastic,
_c2016.
300 _a1 volume :
_billustrations ;
_c20 cm.
336 _atext
_2rdacontent
336 _astill image
_2rdacontent
337 _aunmediated
_2rdamedia
338 _avolume
_2rdacarrier
490 0 _aHorrible histories
500 _aOriginally published: London: Hippo, 1994.
500 _aIncludes index.
650 0 _aWorld War, 1939-1945
_xSocial aspects
_zGreat Britain
_vJuvenile literature.
650 0 _aWorld War, 1939-1945
_xAerial operations, German
_vJuvenile literature.
651 0 _aGreat Britain
_xHistory
_yBombardment, 1944-1945
_vJuvenile literature.
700 1 _aSheppard, Kate,
_eillustrator.
942 _2ddc
_cNFIC